Rezervy ako nástroje finančného riadenia bakalárska práca

Gespeichert in:
Bibliographische Detailangaben
1. Verfasser: Franeková, Veronika
Körperschaft: Fakulta hospodárskej informatiky EU. Katedra účtovníctva a audítorstva
Weitere Verfasser: Kršíková, Veronika, 1986-
Format: Buch
Sprache:Slowakisch
Veröffentlicht: Bratislava 2012
Tags: Tag hinzufügen
Keine Tags, Fügen Sie das erste Tag hinzu!

MARC

LEADER 00000nbm a2200000 4500
001 0156399
005 20161109111958.3
041 0 |a slo 
044 |a SK 
245 1 0 |a Rezervy ako nástroje finančného riadenia  |b bakalárska práca  |c Veronika Franeková ; školiteľ: Veronika Kršíková 
264 1 |a Bratislava  |c 2012 
300 |a 37 s. 
100 1 |a Franeková, Veronika 
700 1 |a Kršíková, Veronika, 1986- 
710 2 |a Fakulta hospodárskej informatiky EU. Katedra účtovníctva a audítorstva